00665nam a2200241 a 4500001001300000003000900013005001700022008004100039020001000080082001600090100002000106245002200126260004300148300000800191500003500199505001000234650003200244700002000276902000800296942000700304952009700311999001500408nice12345678IN_TiNIC20260116012356.0050524s1911 luda grp 000 0 urd  ac10000a229.9bGAI2 aGairdner, W H T aInjeil-E-Barnabas aLudhianabChristian Lit. Societyc1911 a45p aincludes index and biblioraphy2 aIndex aApocryphal Gospels-Barnabas1 aGairdner, W H T bSRS cBK 00104070aHMIbHMId2007-06-21g100.00l0o229.9 GAI2p13717r2007-06-21w2026-01-16yARB c6765d6765